| 000 | 00826cam a22002777a 4500 | ||
|---|---|---|---|
| 003 | CHAP | ||
| 005 | 20220329134217.0 | ||
| 008 | 971013s1981 r 00010 d | ||
| 010 | _a17007 | ||
| 011 | _a17979 | ||
| 035 | _a22063 | ||
| 040 | _cCHAP | ||
| 082 |
_a638.12 _bJ4Y |
||
| 100 | 0 | 0 |
_aJean-Prost, Pierre. _961268 |
| 245 | 0 | _aApicultura; conocimiento de la abeja, manejo de la colmena | |
| 260 |
_aMadrid : _bMundi Prensa, _c1981 |
||
| 300 |
_a551 p. _b: ilus |
||
| 500 | _aTrad. de la 4 ed. en francés de | ||
| 590 |
_aBATCH-UPD _b10 _c20130110 _lUCH01 _h0232 |
||
| 590 |
_aBATCH-UPD _b10 _c20130110 _lUCH01 _h2029 |
||
| 590 |
_aCONVERSION _b10 _c20130109 _lUCH01 _h1311 |
||
| 650 | 1 | 4 |
_aApicultura. _96241 |
| 901 | _aBK | ||
| 942 | _cLIBRO | ||
| 949 |
_a638.12 J4Y _bBC _cLIBRO _d33724002061553 _eLIBRO _h57271 _i22063 _si |
||
| 999 |
_c17007 _d17007 |
||